Rodent control in kampong chhang province វិធានការណ៏កំចាត់សត្វកណ្ដុរក្នុងលក្ខ័ខណ្ឌ័ខេត្តកំពង់ឆ្នាំង (Record no. 639)

000 -LEADER
fixed length control field 00530nam a22001457a 4500
003 - CONTROL NUMBER IDENTIFIER
control field OSt
005 - DATE AND TIME OF LATEST TRANSACTION
control field 20150917111543.0
008 - FIXED-LENGTH DATA ELEMENTS--GENERAL INFORMATION
fixed length control field 150917b xxu||||| |||| 00| 0 eng d
040 ## - CATALOGING SOURCE
Transcribing agency RUA
082 ## - DEWEY DECIMAL CLASSIFICATION NUMBER
Classification number AGR CHH 2001 B023 Or.1
100 ## - MAIN ENTRY--PERSONAL NAME
9 (RLIN) 662
Personal name CHHIM,THUL.
245 ## - TITLE STATEMENT
Title Rodent control in kampong chhang province វិធានការណ៏កំចាត់សត្វកណ្ដុរក្នុងលក្ខ័ខណ្ឌ័ខេត្តកំពង់ឆ្នាំង
300 ## - PHYSICAL DESCRIPTION
Extent 56p.
Other physical details ill.
Dimensions 29cm.
942 ## - ADDED ENTRY ELEMENTS (KOHA)
Source of classification or shelving scheme
Koha item type AGR
Holdings
Price effective from Date last seen Permanent Location Not for loan Date acquired Source of classification or shelving scheme Koha item type Lost status Withdrawn status Date last checked out Total Checkouts Shelving location Damaged status Barcode Current Location Full call number
2015-09-172026-04-02Library Block B 2015-09-17 AGR  2026-02-231B023 RUA002509Library Block BAGR CHH 2001 B023 Or.1
មជ្ឈមណ្ឌលឯការនៃសាកលវិទ្យាល័យភូមិន្ទកសិកម្មចំការដូង

Powered by Koha